Εθνικοκοινωνική αγωγή
Αποθηκεύτηκε σε:
| Μορφή: | Βιβλίο |
|---|---|
| Γλώσσα: | Greek |
| Δημοσίευση: |
[χ.τ.] :
[χ.ό.],
[χ.χ.]
|
| Θέματα: | |
| Ετικέτες: |
Προσθήκη ετικέτας
Δεν υπάρχουν, Καταχωρήστε ετικέτα πρώτοι!
|
MARC
| LEADER | 00000cam a2200000 i 4500 | ||
|---|---|---|---|
| 001 | 1/80434 | ||
| 008 | 050711s19601970gr | ||| |||| ||gre|| | ||
| 035 | |l 10079023 | ||
| 040 | |a GR-MY-UA |b gre |e aacr | ||
| 041 | 0 | |a gre | |
| 082 | 0 | |a 306.4309495 |2 (22) | |
| 245 | 1 | 0 | |a Εθνικοκοινωνική αγωγή |
| 260 | |a [χ.τ.] : |b [χ.ό.], |c [χ.χ.] | ||
| 300 | |a 223 σ.; |c 20 εκ. | ||
| 504 | |a Περιέχει υποδείγματα εγγράφων | ||
| 650 | 0 | 0 | |a Education |x Social aspects |z Greece. |
| 852 | |a INST |b RHODES |c KRI |e 20050711 |h 306.4309495 ΕΘΝ |p 005400028169 |q 005400028169 |t BK |y 0 | ||
| 901 | |a BIBL4-2005-2 | ||
| 909 | |a Ρ |b 111047 | ||
| 970 | |a ΣΙΔΕΡΗ |b ΝΕΚΤΑΡΙΑ |z 2005/07/11 | ||